| 000 | 00468cam a22002051 4500 | ||
|---|---|---|---|
| 001 | sa 68003806 | ||
| 003 | DLC | ||
| 005 | 20260227112456.0 | ||
| 008 | 881029s1967 xx 000 0 beno | ||
| 010 | _asa 68003806 | ||
| 035 | _a(OCoLC)23580632 | ||
| 040 |
_aDLC _cMiU _dDLC |
||
| 042 | _apremarc | ||
| 050 | 0 | 0 |
_aPK1730.3.A5 _bS2 |
| 100 | 0 | _aNajmul Alam. | |
| 245 | 1 | 0 | _aSandhyā rāga. |
| 260 | _c[1967?] | ||
| 300 |
_a261 p. _c22 cm. |
||
| 500 | _aRomanized. | ||
| 999 |
_c79754 _d79754 |
||